Online
Catalog

Diccionario escolar Rolita. (Record no. 29889)

MARC details
000 -CABECERA
campo de control de longitud fija 00520nam a2200169 a 4500
001 - NÚMERO DE CONTROL
campo de control 000030397
005 - FECHA Y HORA DE LA ÚLTIMA TRANSACCIÓN
campo de control 20200930062307.0
008 - DATOS DE LONGITUD FIJA--INFORMACIÓN GENERAL
campo de control de longitud fija 110516s2000 dr ac 000 | spa d
020 ## - NÚMERO INTERNACIONAL ESTÁNDAR DEL LIBRO
Número Internacional Estándar del Libro 9945400517
040 ## - FUENTE DE LA CATALOGACIÓN
Centro catalogador/agencia de origen DO-SdBNP
Lengua de catalogación spa
Centro/agencia transcriptor BNPHU
082 ## - NÚMERO DE LA CLASIFICACIÓN DECIMAL DEWEY
Número de clasificación Rxxx
Número de documento/Ítem D545e
049 ## - FONDOS LOCALES (OCLC)
Fondos de biblioteca BNPD
245 00 - MENCIÓN DE TÍTULO
Título Diccionario escolar Rolita.
260 ## - PUBLICACIÓN, DISTRIBUCIÓN, ETC.
Lugar de publicación, distribución, etc. Santo Domingo :
Nombre del editor, distribuidor, etc. Editorial Actualidad Escolar,
Fecha de publicación, distribución, etc. 2000.
300 ## - DESCRIPCIÓN FÍSICA
Extensión 397 p. :
Otras características físicas il., retrs. ;
Dimensiones 21 cm.
500 ## - NOTA GENERAL
Nota general Incluye reglas ortográficas y abreviaturas usadas en el diccionario.
Holdings
Estado de retiro Estado de pérdida Restricciones de uso No para préstamo Código de colección Localización permanente Ubicación/localización actual Ubicación en estantería Fecha de adquisición Número de inventario Total de préstamos Signatura topográfica completa Código de barras Fecha visto por última vez Precio válido a partir de Tipo de ítem Koha Número de copia
    Préstamo en sala Excluido de préstamo Dominicana de Servicio Biblioteca Nacional Pedro Henríquez Ureña Biblioteca Nacional Pedro Henríquez Ureña En catalogación 16.05.2011 LF1   Rxxx D545e 30397-10 25.06.2020 25.06.2020 Préstamo en sala  
    Préstamo en sala Excluido de préstamo Dominicana de Servicio Biblioteca Nacional Pedro Henríquez Ureña Biblioteca Nacional Pedro Henríquez Ureña En catalogación 16.05.2011 LF1   Rxxx D545e 30397-20 25.06.2020 25.06.2020 Préstamo en sala e.2

Powered by Koha